<?xml version="1.0" encoding="UTF-8"?>
<collection xmlns="http://www.loc.gov/MARC21/slim">
    <record>
        <controlfield tag="001">61323</controlfield>
        <controlfield tag="005">20210121114524.0</controlfield>
        <datafield tag="024" ind1="8" ind2=" ">
            <subfield code="2">sideral</subfield>
            <subfield code="a">89411</subfield>
        </datafield>
        <datafield tag="037" ind1=" " ind2=" ">
            <subfield code="a">ART-2015-89411</subfield>
        </datafield>
        <datafield tag="041" ind1=" " ind2=" ">
            <subfield code="a">eng</subfield>
        </datafield>
        <datafield tag="100" ind1=" " ind2=" ">
            <subfield code="a">Fiuza-Luces, C.</subfield>
        </datafield>
        <datafield tag="245" ind1=" " ind2=" ">
            <subfield code="a">Understanding graft-versus-host disease. Preliminary findings regarding the effects of exercise in affected patients</subfield>
        </datafield>
        <datafield tag="260" ind1=" " ind2=" ">
            <subfield code="c">2015</subfield>
        </datafield>
        <datafield tag="506" ind1="0" ind2=" ">
            <subfield code="a">Access copy available to the general public</subfield>
            <subfield code="f">Unrestricted</subfield>
        </datafield>
        <datafield tag="520" ind1="3" ind2=" ">
            <subfield code="a">Advances in this century regarding allogeneic hematopoietic stem cell transplantation (allo-HSCT) have led to an expanding population of long-term survivors, many of whom suffer severe side effects, particularly those related to graft-versushost disease (GVHD), a potentially multi-systemic disorder caused by immunoeffector donor lymphocytes that destroy host tissues. The GVHD, especially in its chronic form (cGVHD), generates considerable morbidity and compromises the physical capacity of patients. We have reviewed the main pathophysiological aspects of the disease as well as the data available on the effects of exercise in GVHD, based on animal and human patient research. Although exercise training as an adjunct therapy to improve health outcomes after allo-HSCT shows promise (particularly, this lifestyle intervention can improve physical fitness and possibly immune function while attenuating fatigue), there is a need for more randomized control trials that focus specifically on GVHD.</subfield>
        </datafield>
        <datafield tag="540" ind1=" " ind2=" ">
            <subfield code="9">info:eu-repo/semantics/openAccess</subfield>
            <subfield code="a">by</subfield>
            <subfield code="u">http://creativecommons.org/licenses/by/3.0/es/</subfield>
        </datafield>
        <datafield tag="590" ind1=" " ind2=" ">
            <subfield code="a">4.294</subfield>
            <subfield code="b">2015</subfield>
        </datafield>
        <datafield tag="591" ind1=" " ind2=" ">
            <subfield code="a">SPORT SCIENCES</subfield>
            <subfield code="b">5 / 82 = 0.061</subfield>
            <subfield code="c">2015</subfield>
            <subfield code="d">Q1</subfield>
            <subfield code="e">T1</subfield>
        </datafield>
        <datafield tag="591" ind1=" " ind2=" ">
            <subfield code="a">IMMUNOLOGY</subfield>
            <subfield code="b">39 / 151 = 0.258</subfield>
            <subfield code="c">2015</subfield>
            <subfield code="d">Q2</subfield>
            <subfield code="e">T1</subfield>
        </datafield>
        <datafield tag="592" ind1=" " ind2=" ">
            <subfield code="a">1.799</subfield>
            <subfield code="b">2015</subfield>
        </datafield>
        <datafield tag="593" ind1=" " ind2=" ">
            <subfield code="a">Sports Science</subfield>
            <subfield code="c">2015</subfield>
            <subfield code="d">Q1</subfield>
        </datafield>
        <datafield tag="593" ind1=" " ind2=" ">
            <subfield code="a">Immunology</subfield>
            <subfield code="c">2015</subfield>
            <subfield code="d">Q1</subfield>
        </datafield>
        <datafield tag="655" ind1=" " ind2="4">
            <subfield code="a">info:eu-repo/semantics/article</subfield>
            <subfield code="v">info:eu-repo/semantics/publishedVersion</subfield>
        </datafield>
        <datafield tag="700" ind1=" " ind2=" ">
            <subfield code="0">(orcid)0000-0001-8374-9081</subfield>
            <subfield code="a">Garatachea, N.</subfield>
            <subfield code="u">Universidad de Zaragoza</subfield>
        </datafield>
        <datafield tag="700" ind1=" " ind2=" ">
            <subfield code="a">Simpson, RJ.</subfield>
        </datafield>
        <datafield tag="700" ind1=" " ind2=" ">
            <subfield code="a">Berger, NA.</subfield>
        </datafield>
        <datafield tag="700" ind1=" " ind2=" ">
            <subfield code="a">Ramírez, M.</subfield>
        </datafield>
        <datafield tag="700" ind1=" " ind2=" ">
            <subfield code="a">Lucia, A.</subfield>
        </datafield>
        <datafield tag="710" ind1="2" ind2=" ">
            <subfield code="1">1006</subfield>
            <subfield code="2">245</subfield>
            <subfield code="a">Universidad de Zaragoza</subfield>
            <subfield code="b">Dpto. Fisiatría y Enfermería</subfield>
            <subfield code="c">Área Educación Física y Depor.</subfield>
        </datafield>
        <datafield tag="773" ind1=" " ind2=" ">
            <subfield code="g">21 (2015), 80-112</subfield>
            <subfield code="p">Exerc. immunol. rev.</subfield>
            <subfield code="t">EXERCISE IMMUNOLOGY REVIEW</subfield>
            <subfield code="x">1077-5552</subfield>
        </datafield>
        <datafield tag="856" ind1="4" ind2=" ">
            <subfield code="s">3201176</subfield>
            <subfield code="u">http://zaguan.unizar.es/record/61323/files/texto_completo.pdf</subfield>
            <subfield code="y">Versión publicada</subfield>
        </datafield>
        <datafield tag="856" ind1="4" ind2=" ">
            <subfield code="s">9948</subfield>
            <subfield code="u">http://zaguan.unizar.es/record/61323/files/texto_completo.jpg?subformat=icon</subfield>
            <subfield code="x">icon</subfield>
            <subfield code="y">Versión publicada</subfield>
        </datafield>
        <datafield tag="909" ind1="C" ind2="O">
            <subfield code="o">oai:zaguan.unizar.es:61323</subfield>
            <subfield code="p">articulos</subfield>
            <subfield code="p">driver</subfield>
        </datafield>
        <datafield tag="951" ind1=" " ind2=" ">
            <subfield code="a">2021-01-21-11:05:03</subfield>
        </datafield>
        <datafield tag="980" ind1=" " ind2=" ">
            <subfield code="a">ARTICLE</subfield>
        </datafield>
    </record>

    
</collection>